000 01150aam a2200409 4500
005 20231110194744.0
008 150310b xxu||||| |||| 00| 0 spa d
041 _aEspañol
082 _a1.10.6 M737e2
100 _aMochon Morcillo, Francisco
_910588
245 _aEconomía y turismo
250 _a2 edición
260 _aEspaña
_bMcGraw-Hill
_c2008
300 _a422 páginas
650 _aECONOMÍA
_9189
650 _aTURISMO
_9894
650 _aAGENTES ECONÓMICOS
_916429
650 _aSISTEMAS ECONÓMICOS
_97258
650 _aOFERTA
_9193
650 _aDEMANDA
_9194
650 _aEMPRESAS TURISTICAS
_91531
650 _aPRODUCCIÓN
_9706
650 _aCOSTOS Y BENEFICIOS
_918164
650 _aTIPOS DE MERCADO
_918165
650 _aOFERTA DE TRABAJO
_910590
650 _aCAPITAL
_929
650 _aMACROECONOMÍA
_9188
650 _aPIB
_910591
650 _aPRODUCTO INTERNO BRUTO
_9191
650 _aPOLITICA FISCAL
_96009
650 0 _aINFLACIÓN
_9192
650 _aDIVISAS
_910592
650 _aCOMERCIO INTERNACIONAL
_9705
650 _aGLOBALIZACIÓN
_959937
650 _aTECNOLOGÍA
_959938
942 _cBK
999 _c2114
_d2114